000 00452pam a2200169 a 4500
020 _a9780195692099
_c795.00
041 _aeng
_hNULL
082 _a616.025
_bUDW
100 _aUDWADIA, F. F.
245 _aBEDSIDE CLINICS IN MEDICINE /
_cNULL.
_hTextual Documents
260 _aNULL :
_bOXFORD UNIVERSITY PRESS ,
_c2007.
300 _a386 :
_bXI ;
_cA4 .
365 _a795.00
930 _a2556
999 _c797091
_d797091
650 _aGEN.MEDICINE